[Event "Polanica Zdroj op-A 42nd"]
[Site "Polanica Zdroj"]
[Date "2006.08.19"]
[Round "1"]
[White "Wlodarczyk, Oskar"]
[Black "Tworuszka, Sebastian"]
[Result "1/2-1/2"]
[WhiteElo "2282"]
[BlackElo "2146"]
[PlyCount "101"]
[EventDate "2006.08.19"]
[EventType "swiss"]
[EventRounds "7"]
[EventCountry "POL"]
[SourceTitle "CBM 113 Extra"]
[Source "ChessBase"]
[SourceDate "2006.09.14"]
[SourceVersion "1"]
[SourceVersionDate "2006.09.14"]
[SourceQuality "1"]

1. e4 c6 2. c4 d5 3. exd5 cxd5 4. cxd5 Nf6 5. Nc3 Nxd5 6. Nf3 Nc6 7. Qb3 e6 8. d4 Be7 9. Bd3 0-0 10. 0-0 Nf6 11. Rd1 b6 12. Bg5 Bb7 13. Ne5 Nxd4 14. Qa4 Qd6 15. Bf4 Nh5 16. Bxh7+ Kxh7 17. Rxd4 Qc5 18. Nd7 Qf5 19. Nxf8+ Bxf8 20. Bg3 Bc5 21. Rh4 Kg8 22. Qg4 Nxg3 23. Qxg3 Rd8 24. b4 Be7 25. Rg4 Bf6 26. Rd1 Rxd1+ 27. Nxd1 Qc2 28. Qb3 Qd2 29. Ne3 Bd5 30. Qd1 Qxd1+ 31. Nxd1 Bxa2 32. b5 Bb1 33. Rc4 Bd3 34. Rc8+ Kh7 35. Rc7 Bxb5 36. Rxa7 Kg6 37. Ne3 Bd4 38. h4 f5 39. g4 fxg4 40. Nxg4 Be2 41. Ra4 e5 42. Nxe5+ Bxe5 43. Re4 Bf6 44. Rxe2 Bxh4 45. Rb2 Bd8 46. Kf1 Kf5 47. Ke2 Ke4 48. Rb4+ Kd5 49. Kd3 Kc5 50. Rc4+ Kb5 51. Rd4 1/2-1/2

[Event "POL-ch U18"]
[Site "Zakopane"]
[Date "2001.01.22"]
[Round "7"]
[White "Tworuszka, Sebastian"]
[Black "Wasilewski, Bartlomiej"]
[Result "0-1"]
[WhiteElo "2004"]
[BlackElo "2139"]
[PlyCount "46"]
[EventDate "2001.01.16"]
[EventType "swiss"]
[EventRounds "11"]
[EventCountry "POL"]
[SourceTitle "EXT 2002"]
[Source "ChessBase"]
[SourceDate "2001.11.25"]
[SourceVersion "1"]
[SourceVersionDate "2001.11.25"]
[SourceQuality "1"]

1. d4 d6 2. c4 Nf6 3. Nc3 Nbd7 4. Nf3 e5 5. Bg5 exd4 6. Nxd4 g6 7. e4 Bg7 8. Be2 0-0 9. 0-0 Re8 10. f3 Nc5 11. Qd2 Nfxe4 12. Nxe4 Nxe4 13. fxe4 Bxd4+ 14. Kh1 f6 15. Qxd4 fxg5 16. Rf6 Re5 17. Raf1 Bf5 18. exf5 Qxf6 19. fxg6 Qxg6 20. Bd3 Qg7 21. h3 b6 22. Qf2 Rae8 23. Qf3 Re1 0-1

[Event "POL-chT U19 2nd League"]
[Site "Krynica"]
[Date "2001.??.??"]
[Round "2"]
[White "Marszalek, Maciej"]
[Black "Tworuszka, Sebastian"]
[Result "1/2-1/2"]
[WhiteElo "2170"]
[BlackElo "2004"]
[PlyCount "50"]
[EventDate "2001.07.16"]
[EventType "team-swiss"]
[EventRounds "11"]
[EventCountry "POL"]
[SourceTitle "EXT 2003"]
[Source "ChessBase"]
[SourceDate "2002.11.25"]
[SourceVersion "1"]
[SourceVersionDate "2002.11.25"]
[SourceQuality "1"]
[WhiteTeam "Czarna Czarnovia U19"]
[BlackTeam "Zabrze Budosak U19"]
[WhiteTeamCountry "POL"]
[BlackTeamCountry "POL"]

1. d4 Nf6 2. Nf3 e6 3. g3 b5 4. Bg2 Bb7 5. c3 c5 6. 0-0 Be7 7. a4 b4 8. dxc5 Bxc5 9. cxb4 Bxb4 10. Na3 0-0 11. Bf4 Na6 12. Nb5 Bxf3 13. Bxf3 d5 14. Rc1 Ba5 15. Qb3 Qe7 16. Be5 Rac8 17. Rcd1 Qb7 18. Qe3 Bb4 19. Nd6 Bxd6 20. Bxd6 Rfe8 21. Be5 Nd7 22. Bc3 Nf6 23. h4 Nc5 24. Bxf6 gxf6 25. Rd4 Kh8 1/2-1/2

[Event "POL-chT U19 2nd League"]
[Site "Krynica"]
[Date "2001.??.??"]
[Round "10"]
[White "Tworuszka, Sebastian"]
[Black "Jakubowski, Marcin"]
[Result "0-1"]
[WhiteElo "2004"]
[BlackElo "2245"]
[PlyCount "40"]
[EventDate "2001.07.16"]
[EventType "team-swiss"]
[EventRounds "11"]
[EventCountry "POL"]
[SourceTitle "EXT 2003"]
[Source "ChessBase"]
[SourceDate "2002.11.25"]
[SourceVersion "1"]
[SourceVersionDate "2002.11.25"]
[SourceQuality "1"]
[WhiteTeam "Zabrze Budosak U19"]
[BlackTeam "Lomza Devo Maraton U19"]
[WhiteTeamCountry "POL"]
[BlackTeamCountry "POL"]

1. d4 Nf6 2. Nf3 g6 3. c4 Bg7 4. Nc3 d5 5. e3 0-0 6. b4 c6 7. Qb3 Be6 8. a4 Nbd7 9. a5 b6 10. Ng5 dxc4 11. Bxc4 Bxc4 12. Qxc4 c5 13. Nf3 cxd4 14. exd4 Rc8 15. Qb3 Qc7 16. Ne2 Qc4 17. Qxc4 Rxc4 18. b5 Nd5 19. axb6 axb6 20. Ra7 Rfc8 0-1

[Event "POL-ch U18"]
[Site "Wisla"]
[Date "2000.??.??"]
[Round "1"]
[White "Maka, Michal"]
[Black "Tworuszka, Sebastian"]
[Result "0-1"]
[WhiteElo "2077"]
[BlackElo "1800"]
[PlyCount "88"]
[EventDate "2000.02.26"]
[EventType "swiss"]
[EventRounds "10"]
[EventCountry "POL"]
[SourceTitle "EXT 2005"]
[Source "ChessBase"]
[SourceDate "2004.11.15"]
[SourceVersion "1"]
[SourceVersionDate "2004.11.15"]
[SourceQuality "1"]

1. d4 d5 2. Nf3 Nf6 3. c4 e6 4. Nc3 Be7 5. Bf4 0-0 6. e3 c6 7. a3 Nbd7 8. Qc2 a5 9. Rd1 dxc4 10. Bxc4 b5 11. Bd3 Qb6 12. 0-0 Ba6 13. Ne5 h6 14. Ne4 Nxe5 15. Nxf6+ Bxf6 16. dxe5 Be7 17. Bh7+ Kh8 18. Rd7 Bc5 19. Rc1 Rad8 20. Rxd8 Rxd8 21. Be4 Bb7 22. Qe2 Bf8 23. Qf3 Rd7 24. Qh5 c5 25. Bc2 c4 26. Rf1 Qc6 27. f3 c3 28. b3 Qc5 29. a4 bxa4 30. bxa4 Bc6 31. Ra1 Qc4 32. h3 Qe2 33. Rb1 Qxc2 34. Rb8 Kg8 35. Bxh6 Qg6 36. Qh4 gxh6 37. Qc4 Bxf3 38. g4 Rd1+ 39. Kf2 c2 40. Qc8 Qg7 41. Qxc2 Bxg4 42. hxg4 Qxg4 43. Rb5 Be7 44. Rb8+ Kg7 0-1

[Event "POL-ch U18"]
[Site "Wisla"]
[Date "2000.??.??"]
[Round "2"]
[White "Tworuszka, Sebastian"]
[Black "Liwak, Przemyslaw"]
[Result "0-1"]
[WhiteElo "1800"]
[BlackElo "2272"]
[PlyCount "50"]
[EventDate "2000.02.26"]
[EventType "swiss"]
[EventRounds "10"]
[EventCountry "POL"]
[SourceTitle "EXT 2005"]
[Source "ChessBase"]
[SourceDate "2004.11.15"]
[SourceVersion "1"]
[SourceVersionDate "2004.11.15"]
[SourceQuality "1"]

1. d4 Nf6 2. Nf3 e6 3. c4 Bb4+ 4. Bd2 Qe7 5. e3 Bxd2+ 6. Nbxd2 d6 7. Be2 e5 8. dxe5 dxe5 9. e4 0-0 10. 0-0 Rd8 11. Qc2 Bg4 12. Nb3 Nc6 13. a3 Bxf3 14. Bxf3 Nd4 15. Nxd4 Rxd4 16. c5 Rad8 17. Rfd1 h6 18. Rxd4 Rxd4 19. Rd1 Qd7 20. g3 c6 21. Rxd4 Qxd4 22. Kg2 Nd7 23. b4 a5 24. Qa4 Nxc5 25. Qxa5 Nd3 0-1